00739cam a2200217 a 45000010009000000050017000090080041000260200020000670200020000870400018001070820022001252450080001472600107002273000013003346500017003476500017003647000027003819420006004089520094004149990013005081177593920240226052525.0990812s1998 enk b 001 0 eng  a1854891073 (pb) a1854891065 (hb) aDLCcDLCdDLC00a321.03.221bIMP.00aImperialism and internationalism /cedited by Willie Thompson ... [et al.]. aLondon ;aNew York :bRivers Oram Press ;bDistributed in the USA by New York University Press,c1998. a102 p. ; 0aImperialism. 0aNationalism.1 aThompson, Willie.eedt cL 001040708LaWERCLbWERCLd2024-02-26l0o321.03. IMP.p4156r2024-02-26w2024-02-26yL c488d488